<?xml version="1.0" encoding="UTF-8"?>
<collection xmlns="http://www.loc.gov/MARC21/slim">
<record>
  <controlfield tag="001">161694</controlfield>
  <controlfield tag="005">20251017144601.0</controlfield>
  <datafield tag="024" ind1="7" ind2=" ">
    <subfield code="2">doi</subfield>
    <subfield code="a">10.1344/GeologicaActa2025.23.10</subfield>
  </datafield>
  <datafield tag="024" ind1="8" ind2=" ">
    <subfield code="2">sideral</subfield>
    <subfield code="a">144365</subfield>
  </datafield>
  <datafield tag="037" ind1=" " ind2=" ">
    <subfield code="a">ART-2025-144365</subfield>
  </datafield>
  <datafield tag="041" ind1=" " ind2=" ">
    <subfield code="a">eng</subfield>
  </datafield>
  <datafield tag="100" ind1=" " ind2=" ">
    <subfield code="a">Larena, Zuriñe</subfield>
  </datafield>
  <datafield tag="245" ind1=" " ind2=" ">
    <subfield code="a">Quaternary tufas of the Inglares River valley: An example of changing slope stepped fluvial system, Álava, N Spain</subfield>
  </datafield>
  <datafield tag="260" ind1=" " ind2=" ">
    <subfield code="c">2025</subfield>
  </datafield>
  <datafield tag="506" ind1="0" ind2=" ">
    <subfield code="a">Access copy available to the general public</subfield>
    <subfield code="f">Unrestricted</subfield>
  </datafield>
  <datafield tag="520" ind1="3" ind2=" ">
    <subfield code="a">This study examines the factors that controlled the formation of Quaternary calcareous tufa deposits along the valley of the Inglares River (Álava, north Spain), currently fed by a karst-carbonate aquifer. It is based on stratigraphic, chronological (Amino Acid Racemisation, AAR), sedimentological, and δ13C and δ18O analyses, complemented by palaeontology (molluscs, ostracods and charophytes). The examined deposits occur as isolated bodies in the uppermost and downmost stretches of the valley, reaching 45 and 25m in thickness, respectively. AAR dating classified them into two groups: Middle Late Pleistocene (MIS 5e) and Middle and Late Holocene (MIS 1). The former only occurred in the downstream stretch. Up to eleven carbonate facies and minor allochthonous coarse detrital facies have been characterised and arranged into four distinct facies associations. Their features and bedding geometries suggested two main depositional settings: a low- to moderate-slope stepped stretch with small barrage cascades, dammed areas, and abundant palustrine zones (downstream system) and a high-slope stretch with steep stepped cascades and pools (upstream system). These settings respond to bedrock lithology and structural changes throughout the valley, which appear to be the principal factors controlling the tufa depositional architecture. Based on δ13C, an increase in aridity was inferred from the Middle–Late Pleistocene to Holocene. The isotopic differences between the upstream and downstream Holocene tufa might reflect the spatial evolution of δ13C and δ18O in stream water through the approximately 8km long surveyed transect. Erosion due to sudden changes in water discharge may have caused the stratigraphic gap between the two tufa groups.</subfield>
  </datafield>
  <datafield tag="536" ind1=" " ind2=" ">
    <subfield code="9">info:eu-repo/grantAgreement/ES/DGA/E32-23R</subfield>
  </datafield>
  <datafield tag="540" ind1=" " ind2=" ">
    <subfield code="9">info:eu-repo/semantics/openAccess</subfield>
    <subfield code="a">by-sa</subfield>
    <subfield code="u">https://creativecommons.org/licenses/by-sa/4.0/deed.es</subfield>
  </datafield>
  <datafield tag="655" ind1=" " ind2="4">
    <subfield code="a">info:eu-repo/semantics/article</subfield>
    <subfield code="v">info:eu-repo/semantics/publishedVersion</subfield>
  </datafield>
  <datafield tag="700" ind1=" " ind2=" ">
    <subfield code="a">Arenas, Concha</subfield>
    <subfield code="u">Universidad de Zaragoza</subfield>
    <subfield code="0">(orcid)0000-0002-4212-0524</subfield>
  </datafield>
  <datafield tag="700" ind1=" " ind2=" ">
    <subfield code="a">Ortiz, José Eugenio</subfield>
  </datafield>
  <datafield tag="700" ind1=" " ind2=" ">
    <subfield code="a">Sanjuan, Josep</subfield>
  </datafield>
  <datafield tag="700" ind1=" " ind2=" ">
    <subfield code="a">Pascual, Ana</subfield>
  </datafield>
  <datafield tag="700" ind1=" " ind2=" ">
    <subfield code="a">Larraz, Mariano</subfield>
  </datafield>
  <datafield tag="700" ind1=" " ind2=" ">
    <subfield code="a">Murelaga, Xabier</subfield>
  </datafield>
  <datafield tag="700" ind1=" " ind2=" ">
    <subfield code="a">Baceta, Juan Ignacio</subfield>
  </datafield>
  <datafield tag="710" ind1="2" ind2=" ">
    <subfield code="1">2000</subfield>
    <subfield code="2">280</subfield>
    <subfield code="a">Universidad de Zaragoza</subfield>
    <subfield code="b">Dpto. Ciencias de la Tierra</subfield>
    <subfield code="c">Área Estratigrafía</subfield>
  </datafield>
  <datafield tag="773" ind1=" " ind2=" ">
    <subfield code="g">23 (2025), 1-32</subfield>
    <subfield code="p">Geol. acta</subfield>
    <subfield code="t">Geologica Acta</subfield>
    <subfield code="x">1695-6133</subfield>
  </datafield>
  <datafield tag="856" ind1="4" ind2=" ">
    <subfield code="s">17120495</subfield>
    <subfield code="u">http://zaguan.unizar.es/record/161694/files/texto_completo.pdf</subfield>
    <subfield code="y">Versión publicada</subfield>
  </datafield>
  <datafield tag="856" ind1="4" ind2=" ">
    <subfield code="s">2443528</subfield>
    <subfield code="u">http://zaguan.unizar.es/record/161694/files/texto_completo.jpg?subformat=icon</subfield>
    <subfield code="x">icon</subfield>
    <subfield code="y">Versión publicada</subfield>
  </datafield>
  <datafield tag="909" ind1="C" ind2="O">
    <subfield code="o">oai:zaguan.unizar.es:161694</subfield>
    <subfield code="p">articulos</subfield>
    <subfield code="p">driver</subfield>
  </datafield>
  <datafield tag="951" ind1=" " ind2=" ">
    <subfield code="a">2025-10-17-14:14:11</subfield>
  </datafield>
  <datafield tag="980" ind1=" " ind2=" ">
    <subfield code="a">ARTICLE</subfield>
  </datafield>
</record>
</collection>